Bocetos de historia tudelana / (Record no. 65830)
[ view plain ]
| 000 -LEADER | |
|---|---|
| campo de control de longitud fija | 00515nam a2200169 i 4500 |
| 001 - NÚMERO DE CONTROL | |
| campo de control | 65830 |
| 003 - IDENTIFICADOR DE NÚMERO DE CONTROL | |
| campo de control | ES-MaACL |
| 005 - FECHA Y HORA DE LA ÚLTIMA TRANSACCIÓN | |
| campo de control | 20230906165500.0 |
| 007 - CAMPO FIJO DE DESCRIPCIÓN FÍSICA--INFORMACIÓN GENERAL | |
| campo de control de longitud fija | t| |
| 008 - DATOS DE LONGITUD FIJA--INFORMACIÓN GENERAL | |
| campo de control de longitud fija | 040122s1958 sp ||||1| spa d |
| 100 1# - ENTRADA PRINCIPAL--NOMBRE DE PERSONA | |
| Nombre de persona | Fuentes Pascual, Francisco. |
| 9 (RLIN) | 52938 |
| 245 10 - MENCIÓN DEL TÍTULO | |
| Título | Bocetos de historia tudelana / |
| Mención de responsabilidad, etc. | por Francisco Fuentes Pascual. |
| 260 ## - PUBLICACIÓN, DISTRIBUCIÓN, ETC. | |
| Lugar de publicación, distribución, etc. | [s.l. : |
| Nombre del editor, distribuidor, etc. | s.n., |
| Fecha de publicación, distribución, etc. | 1958] ( |
| Lugar de fabricación/manufactura | Tudela : |
| Fabricante | Gráfs. Muskaria) |
| 300 ## - DESCRIPCIÓN FÍSICA | |
| Extensión | 238 p. ; |
| Dimensiones | 21 cm. |
| 651 #4 - PUNTO DE ACCESO ADICIONAL DE MATERIA--NOMBRE GEOGRÁFICO | |
| Nombre geográfico | Tudela- |
| Subdivisión general | Historia. |
| 9 (RLIN) | 158609 |
| 852 ## - LOCALIZACIÓN | |
| Ubicación | ES-MaACL |
| Número de control de estantería | C-15090 |
| Sublocalización o colección | R.42956 |
| Estatus retirado | Estado de pérdida | Estado de daño | No para préstamo | Biblioteca de origen | Biblioteca actual | Ubicación en estantería | Fecha de adquisición | Fuente de adquisición | Total de préstamos | Signatura topográfica completa | Código de barras | Visto por última vez | Precio de reemplazo | Tipo de ítem Koha |
|---|---|---|---|---|---|---|---|---|---|---|---|---|---|---|
| Biblioteca del Ateneo de Madrid | Biblioteca del Ateneo de Madrid | Ficheros | 17/01/2008 | C-15090 | 1068966 | 23/02/2023 | 23/02/2023 | Libro impreso |
